00842cam a2200265 i 45000010008000000030012000080050017000200080041000370100017000780200015000950200015001100400022001250500016001470820014001631000031001772450065002082600076002733000035003494400070003845000020004545040030004746500028005046500020005326500024005523227762NUST - PNEC20170116180847.0791227s1980 dcua b 001 0 eng  a 79028286  a0070487405 a0891165223 aDLCcLIBRARYdDLC00aQC320b.P3700a536.2 PAT1 aPatankar, Suhas V.,d1941-10aNumerical heat transfer and fluid flow /cSuhas V. Patankar. aWashington :bHemisphere Pub. Corp. ;aNew York :bMcGraw-Hill,cc1980. axiii, 197 p. :bill. ;c27 cm. 0aSeries in computational methods in mechanics and thermal sciences aIncludes index. aBibliography: p. 189-193. 0aHeatxTransmission.xME 0aFluid dynamics. 0aNumerical analysis.